| Tag |
First Indicator |
Second Indicator |
Subfields |
| LEADER |
00000cam a2200000Ma 4500 |
| 001 |
in00004644721 |
| 006 |
m o d |
| 007 |
cr mn||||||||| |
| 008 |
090527s2009 vaua ob 000 0 eng d |
| 005 |
20230129214453.1 |
| 035 |
|
|
|a (OCoLC)ocn704517438
|
| 040 |
|
|
|a E7B
|b eng
|e pn
|c E7B
|d OSU
|d OCLCQ
|d GPM
|d N$T
|d OCLCQ
|d DEBSZ
|d OCLCQ
|d YDXCP
|d COF
|d OCLCQ
|d EBLCP
|d OCLCQ
|d UIU
|d DKU
|d OCLCQ
|d OCLCF
|d WYU
|d YOU
|d VASCE
|d AU@
|d OCLCQ
|d OCLCO
|d OCLCQ
|
| 019 |
|
|
|a 489749365
|a 764547836
|a 1066537512
|
| 020 |
|
|
|a 9780784473108
|q (electronic bk.)
|
| 020 |
|
|
|a 0784473102
|q (electronic bk.)
|
| 020 |
|
|
|z 9780784410639
|
| 020 |
|
|
|z 0784410631
|
| 035 |
|
|
|a (OCoLC)704517438
|z (OCoLC)489749365
|z (OCoLC)764547836
|z (OCoLC)1066537512
|
| 043 |
|
|
|a n-us---
|
| 050 |
|
4 |
|a TA23
|b .G85 2009eb
|
| 072 |
|
7 |
|a HEA
|x 021000
|2 bisacsh
|
| 082 |
0 |
4 |
|a 363.1
|2 22
|
| 049 |
|
|
|a TXAM
|
| 245 |
0 |
0 |
|a Guiding principles for the nation's critical infrastructure /
|c prepared by the ASCE Critical Infrastructure Guidance Task Committee.
|
| 260 |
|
|
|a Reston, Va. :
|b American Society of Civil Engineers,
|c ©2009.
|
| 300 |
|
|
|a 1 online resource (40 pages) :
|b illustrations (some color)
|
| 336 |
|
|
|a text
|b txt
|2 rdacontent
|
| 337 |
|
|
|a computer
|b c
|2 rdamedia
|
| 338 |
|
|
|a online resource
|b cr
|2 rdacarrier
|
| 504 |
|
|
|a Includes bibliographical references.
|
| 588 |
0 |
|
|a Print version record.
|
| 505 |
0 |
|
|a Critical Infrastructure; Guiding Principles for Critical Infrastructure; Quantify, Communicate, and Manage Risk; Employ an Integrated Systems Approach; Exercise Sound Leadership, Management, and Stewardship; Adapt to Dynamic Conditions and Practice; Strategies for Change
|
| 520 |
3 |
|
|a The devastating consequences of the levee failures in New Orleans focused the nation's and the civil engineering profession's attention on the root causes of what is considered one of the worst infrastructure disasters in our nation's history. After months of intense analysis of the New Orleans disaster, the ASCE Hurricane Katrina External Review Panel urged that organizations responsible for critical life-safety facilities be organized and operated to enable, not to inhibit, a focus on safety and that engineers continually evaluate the appropriateness of design criteria, always considering how the performance of individual components affects the overall performance of a system. These insights have become an imperative to all organizations and individuals involved in planning, funding, designing, constructing, and operating critical infrastructure. This report is an important step in addressing the types of engineering and institutional failures that were brought to light by the studies following Hurricane Katrina and other recent infrastructure disasters.
|
| 650 |
|
0 |
|a Construction projects
|x Management
|x Standards.
|
| 650 |
|
0 |
|a Infrastructure (Economics)
|
| 650 |
|
0 |
|a National security
|z United States.
|
| 650 |
|
0 |
|a Public works
|z United States.
|
| 650 |
|
6 |
|a Projets de construction
|x Gestion
|x Normes.
|
| 650 |
|
7 |
|a HEALTH & FITNESS
|x Safety.
|2 bisacsh
|
| 650 |
|
7 |
|a Infrastructure (Economics)
|2 fast
|0 (OCoLC)fst00973275
|
| 650 |
|
7 |
|a National security.
|2 fast
|0 (OCoLC)fst01033711
|
| 650 |
|
7 |
|a Public works.
|2 fast
|0 (OCoLC)fst01083369
|
| 651 |
|
7 |
|a United States.
|2 fast
|0 (OCoLC)fst01204155
|
| 655 |
|
7 |
|a Electronic books.
|2 local
|
| 710 |
2 |
|
|a ASCE Critical Infrastructure Guidance Task Committee.
|
| 730 |
0 |
|
|a ASCE Library.
|
| 776 |
0 |
8 |
|i Print version:
|t Guiding principles for the nation's critical infrastructure.
|d Reston, Va. : American Society of Civil Engineers, ©2009
|z 9780784410639
|w (DLC) 2009020356
|w (OCoLC)369295717
|
| 856 |
4 |
0 |
|u http://proxy.library.tamu.edu/login?url=https://ascelibrary.org/doi/book/10.1061/9780784410639
|z Connect to the full text of this electronic book
|t 0
|
| 955 |
|
|
|a ASCE ebooks
|
| 994 |
|
|
|a 92
|b TXA
|
| 999 |
f |
f |
|s 0cdb5e82-d7e5-45a3-8d47-073d64d1cf0c
|i 36719b3f-85c5-40b2-896a-da6e2540d6e3
|t 0
|
| 952 |
f |
f |
|a Texas A&M University
|b College Station
|c Electronic Resources
|d Available Online
|t 0
|e TA23 .G85 2009eb
|h Library of Congress classification
|
| 998 |
f |
f |
|a TA23 .G85 2009eb
|t 0
|l Available Online
|